LIBRARY & INFORMATION CENTRE, KCAET, TAVANUR

ONLINE PUBLIC ACCESS CATALOGUE (OPAC)

Pracheena Malabar (Record no. 631)

MARC details
000 -LEADER
fixed length control field 00410cam a2200181ua 4500
041 ## - LANGUAGE CODE
Language code of text/sound track or separate title mal
082 ## - DEWEY DECIMAL CLASSIFICATION NUMBER
Classification number 954.83
Item number SAM/PR
100 ## - MAIN ENTRY--AUTHOR NAME
Personal name Samsula, Ghadhiri .
245 ## - TITLE STATEMENT
Title Pracheena Malabar
260 ## - PUBLICATION, DISTRIBUTION, ETC. (IMPRINT)
Place of publication Kozhikode :
Name of publisher Bushra publishing house ,
Year of publication 1954.
300 ## - PHYSICAL DESCRIPTION
Number of Pages 88 ; .
650 ## - SUBJECT ADDED ENTRY--TOPICAL TERM
Topical Term History
942 ## - ADDED ENTRY ELEMENTS (KOHA)
Koha item type Books
Holdings
Withdrawn status Lost status Damaged status Home library Current library Date acquired Full call number Accession Number Koha item type
Withdrawn     KAUAET Malayalam University 07/04/2012 954.83 1680 Books
free website counter